000 00522nam a2200181Ia 4500
999 _c22517
_d22517
003 OSt
005 20200214114347.0
008 190216s9999||||xx |||||||||||||| ||und||
020 _a8172043937
040 _coclc
082 _a297
_bQUA/I
100 _aQuardavi, Yusuful
_91878
245 0 _aIslamika Prasthanam Mungananakramam /
_cYusuful Quardavi
250 _a2nd ed.
260 _bIslamic Publishing House,
_c1997.
_aKozhikode:
300 _a142p
942 _cBK
_2ddc
_h297
_iQUA/I
_k297
_mQUA/I